Relationship between mooney measurements and die swell of natural rubber (Record no. 66680)

MARC details
000 -LEADER
fixed length control field 00411nam a2200145Ia 4500
100 ## - MAIN ENTRY--AUTHOR NAME
Personal name Lim C L
245 #0 - TITLE STATEMENT
Title Relationship between mooney measurements and die swell of natural rubber
260 ## - PUBLICATION, DISTRIBUTION, ETC. (IMPRINT)
Name of publisher Journal of Natural Rubber Research
Year of publication 1990
300 ## - PHYSICAL DESCRIPTION
Number of Pages 19-Sep
650 ## - SUBJECT ADDED ENTRY--TOPICAL TERM
Topical Term Mooney measurements
650 ## - SUBJECT ADDED ENTRY--TOPICAL TERM
Topical Term Natural rubber
700 ## - ADDED ENTRY--PERSONAL NAME
Personal name Ong E L
942 ## - ADDED ENTRY ELEMENTS (KOHA)
Koha item type Journals
Holdings
Withdrawn status Lost status Damaged status Not for loan Home library Current library Shelving location Date acquired Serial Enumeration / chronology Koha item type
      Journals RRII Library RRII Library Rubber chemistry 17/12/2021 Volume 5, Issue 1 Journals